[Event "Norway Chess 1st"]
[Site "Stavanger"]
[Date "2013.05.15"]
[Round "7"]
[White "Hammer, Jon Ludvig"]
[Black "Carlsen, Magnus"]
[Result "0-1"]
[WhiteElo "2608"]
[BlackElo "2868"]
[Annotator "Marin,Mihail"]
[PlyCount "80"]
[EventDate "2013.05.08"]
[EventType "tourn"]
[EventRounds "9"]
[EventCountry "NOR"]
[EventCategory "21"]
[SourceTitle "CBM 155"]
[Source "ChessBase"]
[SourceDate "2013.07.16"]
[SourceVersion "1"]
[SourceVersionDate "2013.07.16"]
[SourceQuality "1"]

1. d4 Nf6 2. c4 e6 3. Nf3 d5 4. g3 dxc4 5. Bg2 Bb4+ 6. Bd2 a5 7. Qc2 Bxd2+ 8. Qxd2 c6 9. a4 Ne4 $5 {A relatively unexplored continuation. Rather than sticking to his extra pawn, Black intends to return it and get a solid position with comfortable development and prospects for counterplay.} ({The main line goes} 9... b5 {, the last top level example being} 10. Na3 {Anand,V (2787)-Topalov,V (2805)/Sofia 2010/CBM 136/[Marin,M] (1-0, 32)}) 10. Qc2 {The most frequent and at the same time most natural answer. The queen attacks the knight and the pawn, allowing the rapid connection between the rooks. The only drawback of this move is placing the queen on a vulnerable square, causing White to spend another tempo after the predictable ...a6-b4.} (10. Qc1 {avoids this deffect, but is not without some hidden deffects.} Nd6 11. Ne5 Na6 {After this mechanical move, White has chances to retain an edge.} (11... Qb6 $5 {is based on the fact that with the queen on c1 White may not be so well prepared to sacrifice the d4-pawn.} 12. e3 f6 13. Nxc4 Nxc4 14. Qxc4 Qxb2 $44 {Black's extra pawn should compensate for White's space advantage and active bishop.}) 12. O-O O-O 13. Nd2 Nb4 14. Ndxc4 f6 15. Rd1 Nxc4 16. Nxc4 Bd7 17. e4 Be8 18. Qc3 $14 {Yevseev,D (2520)-Makarov,M (2518)/St Petersburg 2010/CBM 137 (1-0, 45)}) (10. Qe3 Nd6 (10... Qb6 11. O-O Qxb2 12. Na3 Nc3 13. Nd2 $16) 11. Nbd2 O-O 12. O-O b5 (12... Na6 {looks like an important alternative.} 13. Rfc1 Nb4 14. Nxc4 Nxc4 15. Rxc4 Qd6 {In view of the threat e5, Black has to delay ...b6 for a while.} 16. Rac1 Rd8 17. Ne5 $6 f6 18. Nd3 Nd5 19. Qd2 Nb6 {[%csl Ga4,Gd4]}) 13. Qf4 Bb7 14. e4 Na6 15. e5 Nf5 16. g4 Ne7 17. Ne4 Ng6 18. Qg3 Nb4 $13 {Ju Wenjun (2528)-Kosteniuk,A (2489)/Istanbul 2012 (1/2, 64)}) (10. Qf4 Nd6 ({With the queen on f4,} 10... Qb6 {looks more playable than after d2-e3, since the e2-pawn is hanging.} 11. O-O Qxb2 12. Nbd2 Nc3 13. Qe3 Nd5 $13) 11. Na3 Na6 12. Ne5 O-O 13. O-O Nb4 14. Naxc4 Nxc4 15. Nxc4 b6 16. Rfd1 Ba6 17. Rac1 Rb8 18. b3 Qe7 19. Rd2 f6 {Black has a flexible position and launched his counterplay a few moves later in Cioara,A (2483)-Landa,K (2641)/Germany 2012/CBM 152 (0-1, 40)}) 10... Nd6 11. Nbd2 (11. O-O Na6 12. Na3 Nb4 13. Qc1 b5 (13... O-O {is in the spirit of our main game.}) 14. Ne5 Ra6 15. Rd1 Bd7 16. e4 O-O 17. d5 cxd5 {1/2 Brunello,S (2475)-Korneev,O (2651)/Porto Mannu 2008/CBM 124 Extra. Massive simplifications are to be expected.}) (11. Ne5 Na6 (11... Qb6 {could be met with} 12. Na3 Qxd4 13. Naxc4 Nxc4 14. Nxc4 {, since the queen does not prevent the rapid rook activation in the centre.}) 12. Na3 (12. e3 Nb4 13. Qc3 O-O 14. O-O Qc7 15. Na3 b6 16. Naxc4 Nxc4 {1/2 Melkumyan,H (2593)-Nielsen,P (2670)/Aix-les-Bains 2011/CBM 142}) 12... Nb4 13. Qc3 Nd5 14. Qc2 Qb6 15. O-O-O {Quite an unusual plan. The king is not that exposed and could become active in the endgame.} Qb4 16. Naxc4 Nxc4 17. Qxc4 f6 18. Qxb4 axb4 19. Nd3 Rxa4 20. Kc2 Ke7 21. Kb3 Ra8 22. Ra1 Rxa1 23. Rxa1 Rd8 24. Ra7 Kd6 25. Nxb4 Nc7 $11 {(0-1, 57) Zablotsky,S (2518)-Maletin,P (2556)/Novokuznetsk 2007/EXT 2009. The reduced material on board and the excellent king centralisation allows Black to have confidence in his chances.}) (11. Na3 b5 (11... Na6 12. Nxc4 Nb4) 12. Ne5 (12. O-O Ra7 13. e4) 12... Ra6 13. O-O Rb6 {0-1 (40) Chapman,T (2279)-Shirov,A (2708)/Hinckley ENG 2013/TWC 965}) 11... Na6 12. Nxc4 Nb4 13. Nxd6+ Qxd6 14. Qd2 O-O 15. O-O Rd8 $146 {A new move which does not change the essence of the position, though.} (15... b6 16. Rac1 Ba6 17. Rfd1 Rac8 18. Bf1 Rfd8 19. Qf4 Qxf4 20. gxf4 f6 21. e3 {1/2 Ragger,M (2662)-Wojtaszek,R (2705)/Porto Carras 2011/CBM 146}) 16. Rfd1 b6 17. Qc3 $146 ({RR} 17. Rac1 Ba6 18. Ne5 Rac8 19. Nc4 Bxc4 20. Rxc4 b5 21. Rc5 Qxc5 22. dxc5 Rxd2 23. Rxd2 bxa4 24. Rd7 Na6 25. Ra7 Nxc5 26. Rxa5 Nd7 27. Rxa4 Kf8 28. Kf1 Ke7 29. Ke1 Rb8 30. Bxc6 Ne5 31. Ra7+ Kf6 {Unuk,L (2240)-Khomeriki,N (2338) Prague 2016 ½-½ (48)}) 17... Ba6 18. Rd2 Rac8 $11 {This is the kind of position Black has been aiming for. After the exchange of two minor pieces, Black's relative lack of space does not cause him any problems of coordination. The b4-knight is very strong and the thematic break ...c6-c5 is in the air.} 19. Rad1 Qe7 20. h4 c5 {Black could still have prepared this pawn break.} (20... Rc7 {[%cal Gf7f6,Ge7f7,Gc7d7] In the meanwhile, it would not be easy to suggest an active plan for White.}) 21. dxc5 Rd5 {This was probably meant to confuse the opponent and it eventually did.} (21... Rxd2 22. Qxd2 Qxc5 $11 {looks safe enough.}) 22. Rxd5 (22. Ne5 $5 {may have retained some initiative for White:} Bxe2 $1 (22... Rcxc5 23. Qe3 Rxd2 24. Rxd2 Nd5 25. Qb3 $14 {[%csl Gb6,Gd7][%cal Ge2e4]}) 23. Bxd5 Bxd1 24. Bc4 Bxa4 25. cxb6 {[%cal Gc3a3] This pawn will not be easy to eliminate, which keeps Black under some prolonged pressure.} Be8 (25... Qc5 26. Bxe6 $1 Qxc3 27. bxc3 fxe6 28. cxb4 axb4 29. Ra2 Bb5 30. b7 $18) 26. Qd4 (26. Qa3 Qc5) 26... Rb8 27. Bf1 Nd5 28. Nc4 Bb5 29. Qe5 Qf8 30. b3 $5 $14 {/=}) 22... Nxd5 23. Qe5 Qxc5 24. Bh3 Re8 25. Nd4 Kf8 26. Bf1 ({In for a penny...} 26. Bxe6 Nf6 (26... fxe6 $2 27. Nxe6+ Rxe6 28. Qxe6 $18) 27. Qf5 Qxf5 28. Bxf5 Bxe2 $11) 26... Rc8 {White did not play with a clear plan, but the position remains... safe for both sides. The next move is simply asking for trouble.} 27. Nb5 $2 (27. Nf5 Nf6 28. Qxc5+ Rxc5 29. Rd8+ Ne8 30. Nd6 (30. Nxg7 Kxg7 31. Rxe8 Rc2 32. b3 Rc1 33. Kg2 Bb7+ 34. f3 Bd5 35. Rb8 Bxb3 36. Rxb6 Bxa4 37. Ra6 Rc5 $15 {[%cal Ga4b3,Ga5a4]}) 30... Ke7 31. Rxe8+ Kxd6 32. Rd8+ Ke7 (32... Kc7 33. Rg8) 33. Rb8 $11) 27... Bxb5 28. axb5 Nf6 {The b5-pawn is very weak. Besides, the absence of the knight prevents White from creating any counterplay.} 29. Qd6+ Ke8 30. Qd3 Qd5 31. Qxd5 exd5 32. e4 (32. Rd2 Rc4 33. e3 Rb4 $17 {[%cal Ge8e7,Ge7d6]}) (32. e3 Rc2 33. b4 axb4 34. Rb1 Ng4 $17) 32... Rc2 $1 (32... dxe4 33. Rd6 Nd7 34. Bh3 Rc1+ 35. Kg2 Nc5 36. Rxb6 Rc2 $17 {This is not too easy to evaluate in advance, so Carlsen's choice must be regarded as more technical.}) 33. e5 (33. exd5 Rxb2 34. d6 Kd8) 33... Ne4 34. Rxd5 Rxb2 35. Rd4 Rb4 36. Rd1 (36. Rxb4 axb4 37. Bc4 Nd2 $19) 36... a4 $19 37. Bg2 Nc3 38. Bc6+ Ke7 39. Rd7+ Ke6 40. Ra7 Kxe5 (40... Kxe5 41. Kf1 (41. Rxf7 a3 42. Ra7 Ra4 $19) 41... Rb3 42. Be8 f6 {[%csl Rb5][%cal Ge5d4,Gd4c5,Gc5b4]}) 0-1

[Event "Norway Chess 1st"]
[Site "Stavanger"]
[Date "2013.05.18"]
[Round "9"]
[White "Aronian, Levon"]
[Black "Carlsen, Magnus"]
[Result "1/2-1/2"]
[WhiteElo "2813"]
[BlackElo "2868"]
[Annotator "Krasenkow,Michal"]
[PlyCount "60"]
[EventDate "2013.05.08"]
[EventType "tourn"]
[EventRounds "9"]
[EventCountry "NOR"]
[EventCategory "21"]
[SourceTitle "CBM 155"]
[Source "ChessBase"]
[SourceDate "2013.07.16"]
[SourceVersion "1"]
[SourceVersionDate "2013.07.16"]
[SourceQuality "1"]

1. d4 Nf6 2. c4 e6 3. Nf3 d5 4. Nc3 Nbd7 5. Bg5 Be7 6. e3 O-O 7. Rc1 a6 8. Qc2 {This move is hardly dangerous for Black, as well as} (8. cxd5) (8. c5 {is crucial.}) 8... dxc4 {I don't like this move allowing White's bishop to come to c4 at once. Other popular options:} (8... h6) (8... c6) (8... Re8) 9. Bxc4 c5 {The most accurate move order.} (9... b5 10. Bd3 Bb7 (10... c5 11. Bxf6 Nxf6 12. Ne4 $1 Qa5+ 13. Ke2 Bb7 14. Nxf6+ Bxf6 {1/2 (24) Lisanti,A (2330)-Zude,A (2465) Bruchkoebel 1993} 15. dxc5 $14) 11. Bxf6 $5 Nxf6 12. Ne4 Nxe4 13. Bxe4 Bxe4 14. Qxe4 c5 15. dxc5 Qa5+ 16. b4 Qxa2 17. O-O a5 {0-1 (25) Boudiba,M (2373)-Triger,F (2196) Noisy le Grand 2003} 18. Ra1 $1 Qc4 19. Qxc4 bxc4 20. Rxa5 Rxa5 21. bxa5 Bxc5 22. Ra1 c3 23. Kf1 $14 {}) 10. Be2 (10. a4 cxd4 11. exd4 h6 12. Bd2 Nb6 13. Ba2 Bd7 14. O-O Rc8 $36 {0-1 (44) Tartakower,S-Kmoch,H Vienna 1928}) (10. O-O b5 11. Bd3 (11. Be2 cxd4 $1 12. Nxd4 Bb7 $11) 11... cxd4 (11... c4 $5 12. Be2 Bb7 13. a3 h6 14. Bh4 Rc8 15. e4 Nh5 16. Bxe7 Qxe7 17. Qd2 Rfd8 18. Qe3 Nhf6 $11 {1/2 (57) Schmidt,W (2505)-Ardiansyah,H (2330) Dubai 1986}) 12. Nxd4 Bb7 13. Rfd1 h6 14. Bxf6 Bxf6 15. Be4 Bxe4 16. Nxe4 Bxd4 17. Rxd4 Rc8 18. Qxc8 {1/2 (18) Parmentier,X (2348)-Roos,J (2307) Germany 2003}) (10. dxc5 {is the most principled continuation:} Nxc5 11. O-O b5 12. Rfd1 (12. Be2 Bb7 (12... b4 13. Na4 Nxa4 14. Qxa4 Bd7 15. Qc2 h6 16. Bh4 Rc8 17. Qd2 a5 18. Qd4 Nd5 19. Bxe7 Qxe7 20. Ne5 $14 {1-0 (43) Piket,J (2540)-Hjartarson,J (2555) Tilburg 1989}) 13. Rfd1 Qa5 $1 (13... Qb6 14. Bxf6 Bxf6 15. b4 $16 {1-0 (23) Piket,J (2500)-Ioseliani,N (2480) Spijkenisse 1989}) 14. a3 Rac8 $1 15. Nd2 (15. b4 Qxa3 16. bxc5 Rxc5 {[%cal Rb7f3,Rb5b4]}) 15... Na4 $15 {1/2 (30) Yanvarjov,I (2425)-Ubilava,E (2525) Villalba 1995}) 12... Qe8 $1 (12... Qb6 13. Be2 Bb7 $140 14. Bxf6 Bxf6 15. b4) 13. Be2 Bb7 14. Bxf6 Bxf6 15. Nxb5 axb5 16. Qxc5 Rxa2 17. Bxb5 Qa8 18. Bc6 Bxc6 19. Qxc6 {1/2 (19) Panelo Munoz,M (2418)-Gonzalez Garcia,J (2503) Barcelona 2006}) 10... b5 11. a4 b4 12. Ne4 cxd4 $146 {A minor improvement on the previous game. Pay attention to the fact that in this structure it is generally better for Black to trade the central pawns himself (...c5xd4) than to wait for White's d4xc5. Of course, Black should make sure that the invasion of White's knight (d4-c6) will not be dangerous:} (12... Bb7 13. Bxf6 gxf6 14. Nxc5 Nxc5 15. dxc5 Rc8 16. Qb3 Rxc5 17. O-O Qb6 18. Rc4 Rxc4 19. Qxc4 Rd8 20. Qg4+ Kh8 21. Qh5 Kg8 {1/2 (24) Tallaksen,G (2402)-Kveinys,A (2540) Oslo 2006 , and now, had White wished, he could have continued fighting for an edge by means of} 22. Rc1) ({RR} 12... Bb7 13. Bxf6 gxf6 14. Nxc5 Nxc5 15. dxc5 Rc8 16. Qb3 Rxc5 17. O-O Qb6 18. Rc4 Rxc4 19. Qxc4 Rd8 20. Qg4+ Kh8 21. Qh5 Kg8 22. Qg4+ Kh8 23. Qh5 Kg7 24. Qg4+ {½-½ (24) Ostmoe,G (2402)-Kveinys,A (2540) Oslo 2006}) 13. Nxf6+ (13. Nxd4 $144 Bb7) 13... Nxf6 14. Nxd4 Bb7 15. Nc6 {White decided to simplify the game.} (15. Bf3 $6 Rc8 16. Qb1 Rxc1+ 17. Qxc1 Bxf3 18. Nxf3 Qd3 {K.Landa}) (15. O-O Rc8 16. Qb3 Qa5 17. Bf3 Bxf3 18. Nxf3 h6 19. Bxf6 Bxf6 20. Rfd1 (20. Nd2 Qd5 21. Nc4 Bc3 $1 {K.Landa}) 20... Rc5 $36) 15... Bxc6 16. Qxc6 Rc8 (16... Qa5 17. Bxf6 Bxf6 18. b3 Bc3+ 19. Kf1 $11 {[%cal Yg2g3,Yf1g2]}) 17. Qxc8 Qxc8 18. Rxc8 Rxc8 19. O-O a5 (19... Rc2 20. Bxa6 Rxb2 21. Bc4 Rc2 22. Bb3 $11 {K.Landa}) 20. b3 Kf8 21. Bxf6 Bxf6 22. Rd1 Rc3 23. Bc4 h5 24. Kf1 Ke7 25. Ke2 Be5 26. h3 h4 27. Rd3 Rc2+ 28. Rd2 Rc3 29. Rd3 Rc2+ 30. Rd2 Rc3 1/2-1/2